[Event "Scandinavian Skadin Auio"]
[Site "SchemingMind.com"]
[Date "2006.10.11"]
[Round "-"]
[White "calipo"]
[Black "Ryan"]
[Result "0-1"]
[WhiteCountry "ARG"]
[BlackCountry "NED"]
[WhiteElo "1788"]
[WhiteRD "87"]
[BlackElo "2095"]
[BlackRD "90"]
[GameID "71339"]

1. e4 d5 2. exd5 Qxd5 3. Nc3 Qa5 4. d4 Nf6 5. Nf3 Bg4 6. h3 Bh5 7. g4 Bg6 8. Ne5 e6 9. Bg2 c6 10. h4 h5
11. Nxg6 fxg6 12. g5 Nd5 13. Qd3 Ne7 14. Bd2 Nf5 15. Nd5 Qd8 16. Nf4 Kf7 17. O-O-O Bd6 18. Nxe6 Kxe6 19. Qb3+ Kd7 20. Qxb7+ Qc7
21. Qxa8 Rc8 22. c3 Na6 23. Bxc6+ Qxc6 24. Qxc6+ Rxc6 25. Kb1 Nc7 26. Rde1 Rb6 27. Kc2 Rb8 28. Re4 Rc8 29. Rhe1 Nb5 30. Kd3 Bb8
31. Bf4 Bxf4 32. Rxf4 Nbd6
0-1

[Event "Scandinavian Skadin Auio"]
[Site "SchemingMind.com"]
[Date "2006.10.11"]
[Round "-"]
[White "Ryan"]
[Black "calipo"]
[Result "1-0"]
[WhiteCountry "NED"]
[BlackCountry "ARG"]
[WhiteElo "2083"]
[WhiteRD "86"]
[BlackElo "1927"]
[BlackRD "103"]
[GameID "71340"]

1. e4 d5 2. exd5 Qxd5 3. Nf3 Bg4 4. Be2 Nc6 5. Nc3 Qd7 6. d4 e6 7. O-O O-O-O 8. Ne5 Nxe5 9. dxe5 Qxd1 10. Rxd1 Rxd1+
11. Bxd1 Bxd1 12. Nxd1 Ne7 13. Kf1=
1-0

[Event "Scandinavian Skadin Auio"]
[Site "SchemingMind.com"]
[Date "2006.10.22"]
[Round "-"]
[White "Mekk"]
[Black "calipo"]
[Result "1-0"]
[WhiteCountry "POL"]
[BlackCountry "ARG"]
[WhiteElo "1771"]
[WhiteRD "62"]
[BlackElo "1788"]
[BlackRD "87"]
[GameID "72403"]

1. e4 d5 2. exd5 Qxd5 3. Nc3 Qa5 4. d4 Nc6 5. Nf3 Bg4 6. Bb5 O-O-O 7. Bxc6 bxc6 8. h3 Qh5 9. Bf4 Bxf3 10. gxf3 Qf5
11. Qd2 c5 12. d5 e5 13. Be3 Qxf3 14. Rg1 Nf6 15. Qd3 Rd6 16. Bxc5 Qxd3 17. cxd3 Rd7 18. Bxf8
1-0

[Event "Scandinavian Skadin Auio"]
[Site "SchemingMind.com"]
[Date "2006.10.22"]
[Round "-"]
[White "Mekk"]
[Black "Ryan"]
[Result "0-1"]
[WhiteCountry "POL"]
[BlackCountry "NED"]
[WhiteElo "1807"]
[WhiteRD "57"]
[BlackElo "2064"]
[BlackRD "93"]
[GameID "72404"]

1. e4 d5 2. exd5 Qxd5 3. d4 e5 4. dxe5 Qxe5+ 5. Be2 Bd7 6. Nf3 Qd6 7. O-O Nc6 8. Nc3 O-O-O 9. Qxd6 Bxd6 10. Be3 a6
11. a3 Nf6 12. Rad1 h6 13. h3 Rhe8 14. Rfe1 Kb8 15. Bc4 Re7 16. Bc1 Rde8 17. Rxe7 Rxe7 18. Nd5 Nxd5 19. Bxd5 Bf5 20. Re1 Bxc2
21. Rxe7 Bxe7 22. Bxf7 Bf6 23. Ne1 Be4 24. Kf1 Ne5 25. Be6 b5 26. f4 Nc4 27. Bxc4 bxc4 28. Ke2 Kb7 29. Nf3 Kc6 30. Ke3 Kd5
31. g4 c5 32. h4 c3 33. bxc3 Bxc3 34. h5 c4 35. g5 Ba1 36. gxh6 gxh6 37. Ne5 Bd4+ 38. Ke2 c3 39. Ng4 Bg7 40. Ne5 Kc5
41. Ke3 Bf5 42. Nf7 a5 43. Ne5 Bf8 44. Ng6 Bg7 45. Ne5 Bb1 46. Ke2 Kb5 47. Kd1 Ka4 48. Nc4 Be4 49. Ke2 Bf8 50. Ke3 Bf5
51. Kf3 Kb3 52. Ne3 Bxa3 53. Bxa3 Kxa3 54. Ke2 Kb2
0-1

[Event "Scandinavian Skadin Auio"]
[Site "SchemingMind.com"]
[Date "2006.10.22"]
[Round "-"]
[White "calipo"]
[Black "Mekk"]
[Result "0-1"]
[WhiteCountry "ARG"]
[BlackCountry "POL"]
[WhiteElo "1788"]
[WhiteRD "87"]
[BlackElo "1771"]
[BlackRD "62"]
[GameID "72405"]

1. e4 d5 2. exd5 Qxd5 3. Nc3 Qa5 4. d4 Nf6 5. Bd2 c6 6. Bc4 Bf5 7. Nf3 e6 8. Nd5 Qd8 9. Nxf6+ gxf6 10. Bb3 Qc7
11. Qe2 Nd7 12. O-O-O O-O-O 13. Nh4 Bg6 14. Kb1 Kb8 15. Rhe1 Nb6 16. Qf3 Nd5 17. Nxg6 hxg6 18. c4 Nb6 19. c5 Nd7 20. Bf4 e5
21. dxe5 Nxe5 22. Rxe5 Rxd1+
0-1

[Event "Scandinavian Skadin Auio"]
[Site "SchemingMind.com"]
[Date "2006.10.22"]
[Round "-"]
[White "Ryan"]
[Black "Mekk"]
[Result "0-1"]
[WhiteCountry "NED"]
[BlackCountry "POL"]
[WhiteElo "2064"]
[WhiteRD "93"]
[BlackElo "1807"]
[BlackRD "57"]
[GameID "72406"]

1. e4 d5 2. exd5 Nf6 3. d4 Nxd5 4. Nf3 Bg4 5. Be2 e6 6. O-O Be7 7. c4 Nb6 8. Nc3 O-O 9. Be3 Nc6 10. b3 Qd7
11. Qc2 Rad8 12. Rad1 Bf6 13. Ne5 Bf5 14. Qc1 Bxe5 15. dxe5 Qe7 16. Bg5 f6 17. exf6 gxf6 18. Bh6 Rxd1 19. Rxd1 Rd8 20. Rxd8+ Qxd8
21. Bf3 Nd4 22. Bxb7 c6 23. Qa3 Ne2+ 24. Kh1 Nxc3 25. h3 Ne2 26. Kh2 Qc7+ 27. g3 c5 28. Bg2 Kf7 29. Be3 Nd4 30. Qc1 e5
31. Qd2 Qd7 32. g4 Bg6 33. Qa5 Qc7 34. Qd2 Nc8 35. f4 f5 36. fxe5 Qxe5+ 37. Bf4 Qe2 38. Qa5 Nf3+ 39. Kg3 Qe1+ 40. Qxe1 Nxe1
41. Bb7 Nb6 42. Bb8 fxg4 43. Bxa7 Nd7 44. Bc8 Ke7 45. hxg4 Bb1 46. Kf2 Nd3+ 47. Ke3 N3e5 48. Bxd7 Nxd7 49. a3 Ba2 50. b4 cxb4
51. axb4 Bxc4 52. Bd4 Ke6 53. Kf4 Kf7 54. g5 Ke6 55. Bc3 Kd6 56. Ke4 Kc6 57. Kf5 Bd3+ 58. Ke6 Nb6 59. Bd4 Kb5 60. Bc5 Na4
61. Be7 Nc3 62. Kf7 Nd5 63. Bd8 Nxb4 64. Kg7 Kc6 65. Kh6 Nd5
0-1

[Event "Scandinavian Skadin Auio"]
[Site "SchemingMind.com"]
[Date "2006.10.26"]
[Round "-"]
[White "egis"]
[Black "calipo"]
[Result "1-0"]
[WhiteCountry "LTU"]
[BlackCountry "ARG"]
[WhiteElo "1944"]
[WhiteRD "86"]
[BlackElo "1788"]
[BlackRD "87"]
[GameID "72960"]

1. e4 d5 2. exd5 Qxd5 3. Nc3 Qa5 4. Bc4 c6 5. Nf3 Nf6 6. O-O Bg4 7. h3 Bh5 8. d3 e6 9. Bf4 Nbd7 10. Qe2 g5
11. Be3 g4 12. hxg4 Bxg4 13. Ne4 Qh5 14. Bd4
1-0

[Event "Scandinavian Skadin Auio"]
[Site "SchemingMind.com"]
[Date "2006.10.22"]
[Round "-"]
[White "egis"]
[Black "Ryan"]
[Result "1/2-1/2"]
[WhiteCountry "LTU"]
[BlackCountry "NED"]
[WhiteElo "1941"]
[WhiteRD "85"]
[BlackElo "2037"]
[BlackRD "93"]
[GameID "72961"]

1. e4 d5 2. exd5 Qxd5 3. Nc3 Qd6 4. Be2 Nf6 5. Nf3 a6 6. O-O g6 7. d4 Nbd7 8. Bg5 Bg7 9. b3 b5 10. Bd3 O-O
11. Qe2 Bb7 12. Ne4 Nxe4 13. Bxe4 Bxe4 14. Qxe4 Rfe8 15. h3 e5 16. c4 exd4 17. Qh4 c5 18. a4 bxc4 19. bxc4 Qe6 20. Rfc1 Qf5
21. Be7 f6 22. Bd6 Bf8 23. Bxf8 Rxf8 24. Qg3 Ne5 25. Nxe5 fxe5 26. Re1 Rae8 27. Rab1 e4 28. Rb6 Re6 29. a5 Ref6 30. Rxf6 Rxf6
31. Rb1 Qf4 32. Rb8+ Kg7 33. Rb7+ Kf8 34. Qxf4 Rxf4 35. Rxh7 e3 36. fxe3 dxe3 37. Rb7 e2 38. Rb1 Ke7 39. Re1 Rxc4 40. Rxe2+ Kd6
41. Re8 Rf4 42. Ra8 c4 43. Rxa6+ Kd5 44. Ra8 c3 45. Rd8+ Kc4 46. a6 Rf7 47. Rc8+ Kd3 48. Rd8+ Kc2 49. Kh2 Kb1 50. Rb8+ Kc1
51. Rb7 Rf5=
1/2-1/2

[Event "Scandinavian Skadin Auio"]
[Site "SchemingMind.com"]
[Date "2006.10.26"]
[Round "-"]
[White "egis"]
[Black "Mekk"]
[Result "1-0"]
[WhiteCountry "LTU"]
[BlackCountry "POL"]
[WhiteElo "1898"]
[WhiteRD "89"]
[BlackElo "1767"]
[BlackRD "63"]
[GameID "72962"]

1. e4 d5 2. exd5 Qxd5 3. Nc3 Qa5 4. Bc4 Nf6 5. Nf3 c6 6. O-O Bg4 7. h3 Bh5 8. d3 e6 9. Bf4 Nd5 10. Bxb8 Nxc3
11. bxc3 Rxb8 12. Qd2 Bxf3 13. gxf3 Be7 14. f4 Bf6 15. d4 O-O 16. a4 Rfd8 17. Qd3 c5 18. f5 exf5 19. Qxf5 Qxc3 20. Bd3 Qxd4
21. Qxh7+ Kf8 22. Qh8+ Ke7 23. Rae1+ Kd6 24. Qh5 Qd5 25. Qg4 Qg5 26. Bc4 Rd7 27. Rd1+
1-0

[Event "Scandinavian Skadin Auio"]
[Site "SchemingMind.com"]
[Date "2006.10.22"]
[Round "-"]
[White "calipo"]
[Black "egis"]
[Result "0-1"]
[WhiteCountry "ARG"]
[BlackCountry "LTU"]
[WhiteElo "1788"]
[WhiteRD "87"]
[BlackElo "1944"]
[BlackRD "86"]
[GameID "72963"]

1. e4 d5 2. exd5 Nf6 3. d4 Qxd5 4. Nc3 Qa5 5. Nf3 c6 6. Bc4 e6 7. O-O Bd6 8. Bg5 Nfd7 9. Ne4 Bc7 10. a3 O-O
11. b4 Qf5 12. Nh4 Qxe4 13. Re1 Qxe1+ 14. Qxe1 a5 15. Nf3 axb4
0-1

[Event "Scandinavian Skadin Auio"]
[Site "SchemingMind.com"]
[Date "2006.10.22"]
[Round "-"]
[White "Ryan"]
[Black "egis"]
[Result "0-1"]
[WhiteCountry "NED"]
[BlackCountry "LTU"]
[WhiteElo "2083"]
[WhiteRD "86"]
[BlackElo "1898"]
[BlackRD "89"]
[GameID "72964"]

1. e4 d5 2. exd5 Nf6 3. d4 Qxd5 4. Nc3 Qa5 5. Nf3 Bg4 6. Be2 e6 7. O-O Bb4 8. Bd2 O-O 9. a3 Bd6 10. Ne4 Qf5
11. Ng3 Qd5 12. c4 Qc6 13. h3 Bxf3 14. Bxf3 Qa6 15. b4 c6 16. Ne4 Be7 17. Qc2 Nbd7 18. Bf4 Nb6 19. Nd2 Rad8 20. Be3 Rd7
21. Rfb1 Qa4 22. Qc3 Nc8 23. b5 cxb5 24. cxb5 Nb6 25. Qd3 Nfd5 26. Rc1 Bd6 27. Kf1 Nxe3+ 28. fxe3 Nd5 29. Nb3 Nf6 30. Bd1 Re7
31. Nc5 Qa5 32. Nxb7 Rxb7
0-1

[Event "Scandinavian Skadin Auio"]
[Site "SchemingMind.com"]
[Date "2006.10.26"]
[Round "-"]
[White "Mekk"]
[Black "egis"]
[Result "0-1"]
[WhiteCountry "POL"]
[BlackCountry "LTU"]
[WhiteElo "1840"]
[WhiteRD "59"]
[BlackElo "1963"]
[BlackRD "84"]
[GameID "72965"]

1. e4 d5 2. exd5 Qxd5 3. d4 Nc6 4. Nf3 Bg4 5. Be2 O-O-O 6. Be3 Nf6 7. O-O Ne4 8. c4 Qf5 9. Nc3 e5 10. d5 Nb4
11. Nb5 a6 12. Na7+ Kb8 13. a3 Bxf3 14. Bxf3 Nxd5 15. cxd5 Nc5 16. b4 e4 17. Bg4 Qxd5 18. Qxd5 Rxd5 19. Nc6+ bxc6 20. bxc5 Bxc5
21. Bxc5 Rxc5 22. Rfc1 Rxc1+ 23. Rxc1 h5 24. Bf5 Re8 25. Bd7 Re5 26. Bxc6 Kc8 27. Rc4 f5 28. Kf1 g5 29. Ke2 Kd8 30. Rd4+ Ke7
31. Rd7+ Kf6 32. Rd5 Rxd5 33. Bxd5 Ke5 34. Bc4 a5 35. a4 Kd4 36. Bf7 h4 37. h3 f4 38. Kd2 c5 39. Bh5 Kc4 40. Bg6 Kd4
41. Kc2 g4 42. hxg4 f3
0-1

[Event "Scandinavian Skadin Auio"]
[Site "SchemingMind.com"]
[Date "2006.10.28"]
[Round "-"]
[White "fjpv"]
[Black "calipo"]
[Result "1-0"]
[WhiteCountry "POR"]
[BlackCountry "ARG"]
[WhiteElo "2166"]
[WhiteRD "93"]
[BlackElo "1788"]
[BlackRD "87"]
[GameID "73814"]

1. e4 d5 2. exd5 Qxd5 3. Nc3 Qa5 4. d4 Nf6 5. Nf3 c6 6. Bc4 Bf5 7. O-O e6 8. Bf4 Nbd7 9. a3 Be7 10. b4 Qd8
11. Bd3 Bg4 12. h3 Bh5 13. Re1 Nd5 14. Nxd5 cxd5 15. Re3 O-O 16. Qd2 Bg6 17. Bxg6 hxg6 18. Qd3 Rc8 19. Rb1
1-0

[Event "Scandinavian Skadin Auio"]
[Site "SchemingMind.com"]
[Date "2006.10.26"]
[Round "-"]
[White "fjpv"]
[Black "Ryan"]
[Result "1-0"]
[WhiteCountry "POR"]
[BlackCountry "NED"]
[WhiteElo "2073"]
[WhiteRD "89"]
[BlackElo "2106"]
[BlackRD "82"]
[GameID "73815"]

1. e4 d5 2. exd5 Qxd5 3. Nc3 Qd6 4. d4 Nf6 5. Nf3 a6 6. Bd3 Nbd7 7. O-O g6 8. Re1 Bg7 9. Qe2 e6 10. Ne4 Nxe4
11. Qxe4 Nf6 12. Qh4 Bd7 13. Bf4 Qb6 14. Be5 Nh5 15. Bxg7 Nxg7 16. Ne5 Nf5 17. Bxf5 gxf5 18. d5 Qd6 19. Nxd7 Kxd7 20. dxe6+ Kc6
21. Rad1 Qc5 22. b4
1-0

[Event "Scandinavian Skadin Auio"]
[Site "SchemingMind.com"]
[Date "2006.10.31"]
[Round "-"]
[White "fjpv"]
[Black "Mekk"]
[Result "1-0"]
[WhiteCountry "POR"]
[BlackCountry "POL"]
[WhiteElo "2121"]
[WhiteRD "95"]
[BlackElo "1767"]
[BlackRD "63"]
[GameID "73816"]

1. e4 d5 2. exd5 Qxd5 3. Nc3 Qa5 4. d4 e5 5. dxe5 Qxe5+ 6. Qe2 Qxe2+ 7. Ngxe2 Bb4 8. a3 Ba5 9. b4 Bb6 10. Bb2 Nf6
11. Na4 Bf5 12. Nac3 c6 13. Na4 Nbd7 14. Nxb6 axb6 15. O-O-O O-O-O 16. Ng3 Bg6 17. f4 Nh5 18. Nxh5 Bxh5 19. Re1 Rhe8 20. Bd3 Nf6
21. h3 h6 22. Bxf6 gxf6 23. f5 Re5 24. g4 Rde8 25. Reg1 Kc7 26. gxh5 b5 27. Rg7
1-0

[Event "Scandinavian Skadin Auio"]
[Site "SchemingMind.com"]
[Date "2006.10.27"]
[Round "-"]
[White "fjpv"]
[Black "egis"]
[Result "1-0"]
[WhiteCountry "POR"]
[BlackCountry "LTU"]
[WhiteElo "2243"]
[WhiteRD "86"]
[BlackElo "1988"]
[BlackRD "77"]
[GameID "73817"]

1. e4 d5 2. exd5 Qxd5 3. Nc3 Qe6+ 4. Be2 Bd7 5. d4 Qg6 6. Nd5 Qc6 7. Bf3 Nh6 8. Bf4 Qe6+ 9. Ne2 Na6 10. Nxc7+ Nxc7
11. Bxc7 Rc8 12. Bf4 Qb6 13. c3 e6 14. Bxh6 gxh6 15. Qb3 Bc6 16. Qxb6 axb6 17. d5 exd5 18. O-O Bg7 19. Rfd1 Rd8 20. Nd4 O-O
21. Nf5 Rfe8 22. Nxg7 Kxg7 23. Rd4 Re5 24. h3 Rde8 25. a3 Kf6 26. Kh2 b5 27. Rad1 Rg8 28. g3 Ke6 29. Rh4 Rg6 30. Kg2 f5
31. Rhd4 Kd6 32. Bh5 Rg7 33. f4 Re4 34. Bf3 Rxd4 35. Rxd4 Re7 36. Kf2 Kc5 37. g4 Rg7 38. Kg3 Rg6 39. Kh4 Rf6 40. gxf5 Rxf5
41. Bg4 Rf6 42. Bc8 Kd6 43. f5 Ke5 44. Be6 Rf8 45. Kh5 Rf6 46. Rd1 Kf4 47. Kh4 Ke5 48. Re1+ Kf4 49. Rg1 Ke3 50. Kg3 Rf8
51. Re1+ Kd2 52. Rf1 Kc2 53. Rf2+ Kd3 54. Kf4 d4 55. cxd4 Kxd4 56. Rd2+ Kc5 57. b4+ Kb6 58. Ke5 Bf3 59. Rd6+ Kc7 60. Rd7+ Kb6
61. Rxh7 Be2 62. f6 Ka7 63. Rxh6 Bc4 64. f7 Rxf7 65. Bxf7 Bxf7 66. h4 Bc4 67. h5 Ba2 68. Rg6 Bb1 69. Rg7 Ka6 70. h6 b6
71. Kd6
1-0

[Event "Scandinavian Skadin Auio"]
[Site "SchemingMind.com"]
[Date "2006.10.29"]
[Round "-"]
[White "calipo"]
[Black "fjpv"]
[Result "0-1"]
[WhiteCountry "ARG"]
[BlackCountry "POR"]
[WhiteElo "1788"]
[WhiteRD "87"]
[BlackElo "2166"]
[BlackRD "93"]
[GameID "73818"]

1. e4 d5 2. exd5 Qxd5 3. Nc3 Qa5 4. d4 Nf6 5. Nf3 Bg4 6. h3 Bh5 7. g4 Bg6 8. Ne5 e6 9. h4 Bb4 10. Rh3 c5
11. h5 cxd4 12. Nc4 dxc3 13. Nxa5 Bxc2 14. Bb5+ Nbd7 15. Qd4 cxb2+ 16. Bd2 bxa1=Q+ 17. Qxa1 Bxa5 18. Bxd7+ Kxd7 19. Bxa5 b6 20. Qd4+ Nd5
0-1

[Event "Scandinavian Skadin Auio"]
[Site "SchemingMind.com"]
[Date "2006.10.26"]
[Round "-"]
[White "Ryan"]
[Black "fjpv"]
[Result "1/2-1/2"]
[WhiteCountry "NED"]
[BlackCountry "POR"]
[WhiteElo "2106"]
[WhiteRD "82"]
[BlackElo "2073"]
[BlackRD "89"]
[GameID "73819"]

1. e4 d5 2. exd5 Qxd5 3. Nc3 Qa5 4. d4 Nf6 5. Bd3 Nc6 6. Ne2 Nb4 7. Bc4 Bf5 8. Bb3 O-O-O 9. O-O e5 10. Be3 exd4
11. Nxd4 c5 12. a3 Na6 13. Nc6 bxc6 14. Qf3 Bg6 15. Bc4 Nb8 16. b4 cxb4 17. axb4 Qxb4 18. Ba6+ Kd7 19. Bxa7 Qg4 20. Rad1+ Bd6
21. Rxd6+ Kxd6 22. Rd1+ Ke6 23. Re1+ Kd7 24. Bc5 Rhe8 25. Rd1+ Ke6 26. Re1+ Kd7 27. Rd1+=
1/2-1/2

[Event "Scandinavian Skadin Auio"]
[Site "SchemingMind.com"]
[Date "2006.10.31"]
[Round "-"]
[White "Mekk"]
[Black "fjpv"]
[Result "0-1"]
[WhiteCountry "POL"]
[BlackCountry "POR"]
[WhiteElo "1807"]
[WhiteRD "57"]
[BlackElo "2171"]
[BlackRD "97"]
[GameID "73820"]

1. e4 d5 2. exd5 Qxd5 3. Nc3 Qa5 4. Bc4 Nf6 5. d3 Bg4 6. Ne2 Nc6 7. Bd2 Qh5 8. O-O Ne5 9. Bb3 Nf3+ 10. gxf3 Bxf3
11. Ng3 Bxd1 12. Nxh5 Bxh5 13. Rae1 e6 14. Nb5 Kd7 15. Bf4 c6 16. Nc7 Rd8 17. Nxe6 fxe6 18. Bxe6+ Ke8 19. Bc7 Ra8 20. Bc8+ Kf7
21. Bxb7 Re8 22. Rxe8 Nxe8 23. Bb8 Bf3 24. Bxa7 Nd6 25. Ba6 Be7 26. Bc5 Rb8 27. Bxd6 Bxd6 28. Bc4+ Kf6 29. Bb3 Rb5 30. Re1 Rg5+
31. Kf1 Bxh2 32. Re6+ Kf5 33. Ke1 Bf4 34. Kf1 Rh5
0-1

[Event "Scandinavian Skadin Auio"]
[Site "SchemingMind.com"]
[Date "2006.10.29"]
[Round "-"]
[White "egis"]
[Black "fjpv"]
[Result "0-1"]
[WhiteCountry "LTU"]
[BlackCountry "POR"]
[WhiteElo "1996"]
[WhiteRD "78"]
[BlackElo "2227"]
[BlackRD "86"]
[GameID "73821"]

1. e4 d5 2. exd5 Nf6 3. Bb5+ Bd7 4. Bc4 b5 5. Bb3 Bg4 6. Ne2 Nxd5 7. O-O Nc6 8. Nbc3 Nxc3 9. bxc3 e6 10. d4 Rb8
11. h3 Bh5 12. Bf4 Bd6 13. Bxd6 Qxd6 14. Qd3 O-O 15. Ng3 Bg6 16. Ne4 Qf4 17. f3 Rfd8 18. g3 Qh6 19. Kg2 Ne7 20. a4 b4
21. cxb4 Rxb4 22. Rfd1 Nf5 23. Qc3 Ne3+ 24. Kf2 Nxd1+ 25. Rxd1 Rbb8 26. h4 Qh5 27. Qc5 e5 28. Rd3 exd4 29. Qxc7 Ra8 30. Nd6 Rxd6
31. Qxd6 Bxd3 32. Bd5 Re8 33. cxd3 Qe5 34. Qxe5 Rxe5 35. Bc4 a5 36. g4 h6 37. h5 Re3 38. Kg3 Kf8 39. Kf4 Ke7 40. Kg3 Kd6
41. Kf4 Kc5 42. Bxf7 Rxd3 43. Bg6 Ra3 44. Be8 Kb4 45. Bb5 Rxa4 46. Ba6 Ra1 47. g5 a4 48. Bb7 d3 49. Ke3 Kc3 50. Ke4 Re1+
51. Kd5 d2 52. Kd6 d1=Q+ 53. Bd5 Kb4 54. Kc6 Re5 55. Be4 Re6+
0-1

[Event "Scandinavian Skadin Auio"]
[Site "SchemingMind.com"]
[Date "2006.10.31"]
[Round "-"]
[White "Gambiteer"]
[Black "calipo"]
[Result "1-0"]
[WhiteCountry "ENG"]
[BlackCountry "ARG"]
[WhiteElo "2150"]
[WhiteRD "66"]
[BlackElo "1788"]
[BlackRD "87"]
[GameID "74324"]

1. e4 d5 2. exd5 Qxd5 3. Nc3 Qa5 4. d4 Nf6 5. Nf3 c6 6. Bc4 Bf5 7. Qe2 e6 8. Bd2 Bb4 9. O-O-O Nbd7 10. a3 Bxc3
11. Bxc3 Qc7 12. Ne5 Nxe5 13. dxe5 Nd5 14. Bd4 b6 15. Rhf1 h5 16. Ba6 Rb8 17. f3 b5 18. g4 Bg6 19. gxh5 Rxh5 20. b4 Rb6
21. Bxb6 axb6 22. Rxd5 exd5 23. Re1 Qa7 24. e6 f6 25. Qg2 Rg5 26. Qh3 Ke7 27. f4 Bf5 28. Qf3
1-0

[Event "Scandinavian Skadin Auio"]
[Site "SchemingMind.com"]
[Date "2006.10.30"]
[Round "-"]
[White "Gambiteer"]
[Black "Ryan"]
[Result "1-0"]
[WhiteCountry "ENG"]
[BlackCountry "NED"]
[WhiteElo "2125"]
[WhiteRD "65"]
[BlackElo "2106"]
[BlackRD "82"]
[GameID "74325"]

1. e4 d5 2. exd5 Qxd5 3. Nc3 Qa5 4. d4 c6 5. Nf3 Nf6 6. Bc4 Bf5 7. Qe2 e6 8. Bd2 Bb4 9. O-O-O O-O 10. a3 Bxa3
11. Nd5 Bb4 12. Bxb4 Qa1+ 13. Kd2 Qxb2 14. Nxf6+ gxf6 15. Bxf8
1-0

[Event "Scandinavian Skadin Auio"]
[Site "SchemingMind.com"]
[Date "2006.11.01"]
[Round "-"]
[White "Gambiteer"]
[Black "fjpv"]
[Result "1-0"]
[WhiteCountry "ENG"]
[BlackCountry "POR"]
[WhiteElo "2167"]
[WhiteRD "66"]
[BlackElo "2135"]
[BlackRD "91"]
[GameID "74326"]

1. e4 d5 2. exd5 Qxd5 3. Nc3 Qa5 4. d4 Nf6 5. Nf3 Bg4 6. h3 Bh5 7. g4 Bg6 8. Ne5 e6 9. h4 Bb4 10. Bd2 Qb6
11. Bg2 Bxc3 12. bxc3 Be4 13. f3 Bd5 14. Rb1 Qa6 15. Bf1 Qa3 16. c4 Ne4 17. cxd5 Nxd2 18. Qxd2 f6 19. Nc4 Qxf3 20. Qh2 O-O
21. Nd2 Qxg4 22. Bc4 Re8 23. dxe6 Qxd4 24. Rxb7 Nc6 25. Rxc7 Rac8 26. Rxc8 Rxc8 27. Qe2 Ne7 28. Rh3 Qg1+ 29. Qf1 Qg4 30. h5 h6
31. Bb3 Rc5 32. Nf3 Rxh5 33. Rxh5 Qxh5 34. Qd3 Qc5 35. Kf1 f5 36. Qd8+ Kh7 37. Qf8 Qb4 38. Qf7 Qe4 39. Kf2 f4 40. Ne1 Nf5
41. e7 Nxe7 42. Be6 Qd4+ 43. Kf1 Qf6 44. Qxf6 gxf6 45. Nd3 Kg6 46. Nxf4+ Kg5 47. Nh3+ Kg6 48. Kf2 f5 49. Nf4+ Kf6 50. c4 Ke5
51. Ke3 h5 52. Bd5 h4 53. Nd3+ Kf6 54. Bg2 Ng6 55. c5 Ne7 56. Kd4 a5 57. Nf4 Nc8 58. a4 Na7 59. c6 Kg5 60. Ke5 Kg4
61. c7 Kg3 62. Bh3 Kf3 63. Bxf5
1-0

[Event "Scandinavian Skadin Auio"]
[Site "SchemingMind.com"]
[Date "2006.11.04"]
[Round "-"]
[White "Gambiteer"]
[Black "Mekk"]
[Result "1-0"]
[WhiteCountry "ENG"]
[BlackCountry "POL"]
[WhiteElo "2125"]
[WhiteRD "65"]
[BlackElo "1714"]
[BlackRD "64"]
[GameID "74327"]

1. e4 d5 2. exd5 Qxd5 3. Nc3 Qa5 4. d4 Nf6 5. Nf3 Bg4 6. h3 Bh5 7. g4 Bg6 8. h4 h6 9. Ne5 Be4 10. Nc4 Qxc3+
11. bxc3 Bxh1 12. f3 Nd5 13. Kf2 b5 14. Ne5
1-0

[Event "Scandinavian Skadin Auio"]
[Site "SchemingMind.com"]
[Date "2006.11.03"]
[Round "-"]
[White "Gambiteer"]
[Black "egis"]
[Result "1-0"]
[WhiteCountry "ENG"]
[BlackCountry "LTU"]
[WhiteElo "2150"]
[WhiteRD "66"]
[BlackElo "1944"]
[BlackRD "86"]
[GameID "74328"]

1. e4 d5 2. exd5 Qxd5 3. Nc3 Qf5 4. d4 Nc6 5. Bd3 Qg4 6. Nb5 Kd8 7. Nf3 Bd7 8. O-O a6 9. Nc3 Nf6 10. h3 Qh5
11. Ne2 e6 12. c4 Nb4 13. Nf4 Qa5 14. Ne5 Ke8 15. Bd2 Qa4 16. b3 Qa3 17. c5 b5 18. Qe1 Bxc5 19. dxc5 Nbd5 20. Be4 Nxe4
21. Qxe4 Qxc5 22. Nxd7 Kxd7 23. Rfd1 Kc8 24. Be3 Qb4 25. Rd4 Qd6 26. Nxd5 exd5 27. Rxd5 Qc6 28. Rc1 Qxc1+ 29. Bxc1 f5 30. Rxf5 Kb8
31. Bf4 Ra7 32. Qc6 Rc8 33. Rf7 h6 34. Rxc7 Raxc7 35. Qb6+ Ka8 36. Qxa6+ Kb8 37. Qb6+ Ka8 38. Bxc7 Rxc7 39. Qxc7 g5 40. a4 bxa4
41. bxa4
1-0

[Event "Scandinavian Skadin Auio"]
[Site "SchemingMind.com"]
[Date "2006.10.31"]
[Round "-"]
[White "calipo"]
[Black "Gambiteer"]
[Result "0-1"]
[WhiteCountry "ARG"]
[BlackCountry "ENG"]
[WhiteElo "1788"]
[WhiteRD "87"]
[BlackElo "2150"]
[BlackRD "66"]
[GameID "74329"]

1. e4 d5 2. exd5 Nf6 3. d4 Nxd5 4. c4 Nb6 5. Nf3 g6 6. h3 Bg7 7. Nc3 O-O 8. Be3 Nc6 9. Qd2 e5 10. d5 Na5
11. b3 e4 12. Nd4 c6 13. dxc6 Nxc6 14. Nxc6 Qxd2+ 15. Kxd2 bxc6 16. Kc2 f5 17. Rd1 f4 18. Bc5 Re8 19. Be2 h5 20. Bd6 e3
21. Bxf4 exf2 22. Bd3 Re6 23. Rhf1 Nd7 24. Ne4 Bb7 25. Rxf2 c5 26. Rdd2 Rxe4 27. Bxe4 Bxe4+
0-1

[Event "Scandinavian Skadin Auio"]
[Site "SchemingMind.com"]
[Date "2006.10.30"]
[Round "-"]
[White "Ryan"]
[Black "Gambiteer"]
[Result "1/2-1/2"]
[WhiteCountry "NED"]
[BlackCountry "ENG"]
[WhiteElo "2106"]
[WhiteRD "82"]
[BlackElo "2125"]
[BlackRD "65"]
[GameID "74330"]

1. e4 d5 2. exd5 Qxd5 3. Nc3 Qd6 4. d4 Nf6 5. Nf3 Bg4 6. h3 Bh5 7. g4 Bg6 8. Ne5 Nbd7 9. Bf4 Qb6 10. Nc4 Qe6+
11. Ne3 Qb6 12. Nc4 Qe6+ 13. Ne3 Qb6 14. Nc4
1/2-1/2

[Event "Scandinavian Skadin Auio"]
[Site "SchemingMind.com"]
[Date "2006.11.01"]
[Round "-"]
[White "fjpv"]
[Black "Gambiteer"]
[Result "1-0"]
[WhiteCountry "POR"]
[BlackCountry "ENG"]
[WhiteElo "2166"]
[WhiteRD "93"]
[BlackElo "2150"]
[BlackRD "66"]
[GameID "74331"]

1. e4 d5 2. exd5 Nf6 3. d4 Nxd5 4. Nf3 g6 5. Be2 Bg7 6. O-O O-O 7. c4 Nb6 8. Nc3 Nc6 9. d5 Ne5 10. c5 Nxf3+
11. Bxf3 Nd7 12. Be3 Ne5 13. Be2 c6 14. f4 Nd7 15. Bf3 cxd5 16. Qxd5 Nb8 17. Qxd8 Rxd8 18. Rad1 Nc6 19. Bxc6 Rxd1 20. Rxd1 bxc6
21. Rd8+ Bf8 22. Ne2 Bb7 23. Rd7 Rb8 24. b3 a5 25. Nd4 e6 26. Nf3 f6 27. Rc7 Ba8 28. Nd2 Rb7 29. Rc8 Ra7 30. Nc4 Kf7
31. Nd6+ Kg7 32. a4 h6 33. Rb8 g5 34. g3 gxf4 35. gxf4 h5 36. Kf2 e5 37. f5 h4 38. h3
1-0

[Event "Scandinavian Skadin Auio"]
[Site "SchemingMind.com"]
[Date "2006.11.04"]
[Round "-"]
[White "Mekk"]
[Black "Gambiteer"]
[Result "0-1"]
[WhiteCountry "POL"]
[BlackCountry "ENG"]
[WhiteElo "1714"]
[WhiteRD "64"]
[BlackElo "2125"]
[BlackRD "65"]
[GameID "74332"]

1. e4 d5 2. exd5 Nf6 3. d4 Nxd5 4. c4 Nb6 5. Nf3 g6 6. Bd3 Bg7 7. O-O O-O 8. d5 c6 9. Nc3 cxd5 10. cxd5 Nxd5
11. Nxd5 Qxd5 12. Bc2 Qxd1 13. Rxd1 Nc6 14. a3 Bg4 15. Be4 Rfd8 16. Be3 Bxb2 17. Rxd8+ Rxd8 18. Rb1 Bxa3 19. h3 Bc8 20. Bxc6 bxc6
21. Bxa7 Be6 22. Be3 Bd5 23. Nd4 e6 24. Nc2 Be4
0-1